000 02224cam a22004574i 4500
003 PE-LiUPU
005 20250731172813.0
008 150617s r 000 0 d
020 _a847151348X
035 _a(Sirsi) i9788471513489
040 _aPE-LiUPU
_bspa
_cPE-LiUPU
_erda
049 _aPRUA
082 0 4 _a220.07
_bM26
_221
100 1 _aMartin, George,
_d1902- ,
_eautor.
245 1 0 _aPara leer la Biblia como palabra de Dios /
_cGeorge Martin ; [traducción del inglés, Jacinto Ayerra].
264 1 _aNavarra, España :
_bVerbo divino,
_c1983.
300 _a164 páginas ;
_c24 centímetros
336 _atext
_2rdacontent
337 _aunmediated
_2rdamedia
338 _avolume
_2rdacarrier
505 0 _aLa lectura de la escritura. -Leer. -Lectura diaria. -Maneras de leer. -Algunas consideraciones prácticas. -Comprender. -¿Por qué estudiar?. -Algunos principios para el estudio. -Indicaciones prácticas para el estudio. -Escuchar. -Actitudes. -Normas. -Dios nos habla. -Orar. -Guardando la palabra. -Orando con la Biblia. -Orando con palabras de la escritura. -La palabra de Dios. -Las palabras de Dios nos llegan en palabras de hombres. -La palabra de Dios en la historia. -La palabra se hace palabras. -Nuestra Biblia nace. -Es Dios quien habla. -La palabra de vida. -Abba, Padre. -Es la iglesia la que escucha. -El plan de Jesús. -La transmisión. -Fidelidad a la palabra. -Mientras sigues leyendo. -Algunos problemas de interpretación. -El poder de la palabra.
526 _aSEG42
526 _aSEG41
526 _aSEG40
526 _aSEG39
526 _aP94
526 _aP87
526 _aP86
526 _aP85
526 _aP77
526 _aP76
526 _aP35
630 _aBiblia
_xIntroducciones.
_92045
910 _ajck
_bjvq
_cjck
_d20150616
942 _2ddc
_cBOOK
949 _a220.07 M26
_wDEWEY
_c1
_i22973
_lCCODEBUL1
_mBUL
_r0
_sY
_tBOOK
_u2015-6-17
_xTEOLOGIA
_PP35
_0COMPRA
_o.STAFF. Colección General
994 _aC0
_bPEPRU
596 _a1
999 _a220.07 M26
_wDEWEY
_c4089
_i22973
_d4089
_f2021-11-11
_g5
_lCCODEBUL1
_mBUL
_q2
_r0
_sY
_tBOOK
_u2015-6-17
_xTEOLOGIA
_PP35
_0COMPRA
_o.STAFF. Colección General
980 _81
_gALBERTO SANCHEZ Responsable de Automatización